Nothing You Can Take From Me - Rachel Zegler - All Lyrics - Statistics

General Stats
  • This quiz has been taken 161 times
  • The average score is 157 of 175
Answer Stats
Answer % Correct
can
100%
Eeh
100%
Eeh, eeh
100%
it
100%
mmm
100%
Ooh
100%
Ooh,
100%
take
100%
Take
100%
You
100%
you
100%
my
99%
can't
98%
Can't
98%
Can’t
98%
I
97%
Oh,
97%
Ooh
97%
a
96%
No,
96%
Nothin'
96%
nothin'
96%
ever
95%
keep
95%
was
95%
keepin'
94%
keepin’
94%
worth
94%
me
93%
me,
93%
then
93%
from
91%
it,
91%
it
91%
it's
89%
just
88%
pa,
88%
rumor
88%
but
87%
could
86%
his
86%
humor
85%
mystery
85%
'cause
84%
so
84%
name's
83%
your
83%
charm,
82%
kiss
81%
think
81%
you're
81%
ass
80%
history
80%
have
79%
in
79%
past,
79%
Thinkin'
79%
thinkin'
79%
change
76%
control,
76%
fine,
76%
mine
76%
on
76%
rearrange
76%
Maybe
73%
that's
72%
walkin'
69%
wealth,
68%
you'll
68%
if
67%
goal
66%
is
63%
again
62%
talkin'
61%
sass,
59%
free,
48%
dirt
46%
give
46%
won't
45%
hurt
39%
'causе
1%
evеr
1%
No matching quizzes found
Score Distribution
Percent of People with Each Score
Percentile by Number Answered
Your Score History
You have not taken this quiz